000 00612nam a2200229 i 4500
001 bg
100 1 _aZALESKI, Kazimierz
245 1 0 _aLaboratorium obróbki ubytkowej /
_cKazimierz Zaleski ; Politechnika Lubelska.
260 _aLublin :
_bWydaw. PL,
_c2001.
300 _a116 s. :
_brys. ;
_c24 cm.
504 _aBibliogr.
650 9 _aSkrawanie
655 _aPodręczniki akademickie
710 0 _aPolitechnika Lubelska
020 _a8388110187
040 _cBPK
041 0 _apl
080 _a621.9(075.8)
920 _a83-88110-18-7
942 _cKS
008 s pl f |000 0 pol
999 _c40898
_d40898
856 _uhttp://koha.tu.koszalin.pl/cgi-bin/koha/opac-detail.pl?biblionumber=40898
_yKatalog online BPK